The real slam dunk / (Record no. 2095)

MARC details
000 -LEADER
fixed length control field 01141cam a2200325 a 4500
005 - DATE AND TIME OF LATEST TRANSACTION
control field 20250813132808.0
020 ## - INTERNATIONAL STANDARD BOOK NUMBER
International Standard Book Number 0803730500
020 ## - INTERNATIONAL STANDARD BOOK NUMBER
International Standard Book Number 9780439873116
020 ## - INTERNATIONAL STANDARD BOOK NUMBER
International Standard Book Number 0142402125
040 ## - CATALOGING SOURCE
Original cataloging agency DLC
Transcribing agency DLC
Modifying agency DLC
Language of cataloging eng
050 00 - LIBRARY OF CONGRESS CALL NUMBER
Classification number PZ7.R39432
Item number Re 2005
082 00 - DEWEY DECIMAL CLASSIFICATION NUMBER
Classification number 813.6
100 1# - MAIN ENTRY--PERSONAL NAME
Personal name Richardson, Charisse K.
245 14 - TITLE STATEMENT
Title The real slam dunk /
Statement of responsibility, etc. by Charisse K. Richardson ; illustrated by Kadir Nelson.
260 ## - PUBLICATION, DISTRIBUTION, ETC.
Place of publication, distribution, etc. New York :
Name of publisher, distributor, etc. Scholastic,
Date of publication, distribution, etc. 2005
300 ## - PHYSICAL DESCRIPTION
Extent 68 pages :
Dimensions 20 cm
505 ## - FORMATTED CONTENTS NOTE
Formatted contents note K
520 ## - SUMMARY, ETC.
Summary, etc. Ten-year-old Marcus plans to become a professional basketball player, but when he, his twin sister, and their classmates meet a real star on a school field trip, they learn the importance of dreaming more than one career dream.
521 1# - TARGET AUDIENCE NOTE
Target audience note 590
Source Lexile
521 1# - TARGET AUDIENCE NOTE
Target audience note K
Source Raz-Plus
650 #1 - SUBJECT ADDED ENTRY--TOPICAL TERM
Topical term or geographic name entry element Basketball
Form subdivision Fiction.
650 #1 - SUBJECT ADDED ENTRY--TOPICAL TERM
Topical term or geographic name entry element School field trips
Form subdivision Fiction.
650 #1 - SUBJECT ADDED ENTRY--TOPICAL TERM
Topical term or geographic name entry element Role models
Form subdivision Fiction.
650 #1 - SUBJECT ADDED ENTRY--TOPICAL TERM
Topical term or geographic name entry element Life skills
Form subdivision Fiction.
650 #1 - SUBJECT ADDED ENTRY--TOPICAL TERM
Topical term or geographic name entry element African Americans
Form subdivision Fiction.
700 1# - ADDED ENTRY--PERSONAL NAME
Personal name Nelson, Kadir
Relator term illustator
906 ## - LOCAL DATA ELEMENT F, LDF (RLIN)
a 7
b cbc
c orignew
d 1
e ocip
f 20
g y-gencatlg
942 ## - ADDED ENTRY ELEMENTS (KOHA)
Source of classification or shelving scheme Dewey Decimal Classification
Koha item type Books
Suppress in OPAC No
999 ## -
-- 2095
-- 2095
Holdings
Withdrawn status Lost status Source of classification or shelving scheme Damaged status Not for loan Collection Home library Current library Shelving location Date acquired Total Checkouts Full call number Barcode Date last seen Copy number Price effective from Koha item type
    Dewey Decimal Classification     Juvenile Fiction Footprints International School Library Network Toul Tom Poung Campus Footprints International School Library Network Toul Tom Poung Campus TTP Primary Yellow Bookshelves 11/06/2023   RIC 813.6 PZ7.R39432 FISTK00177 11/06/2023 1 11/06/2023 Books
    Dewey Decimal Classification     Juvenile Fiction Footprints International School Library Network Toul Tom Poung Campus Footprints International School Library Network Toul Tom Poung Campus TTP Primary Yellow Bookshelves 12/05/2024   RIC 813.6 PZ7.R39432 2024-2405 12/05/2024 2 12/05/2024 Books
    Dewey Decimal Classification     Juvenile Fiction Footprints International School Library Network Toul Tom Poung Campus Footprints International School Library Network Toul Tom Poung Campus TTP Primary Yellow Bookshelves 03/03/2025   RIC 813.6 PZ7.R39432 2025-0714 03/03/2025 3 03/03/2025 Books